Fast Typing #2 Numbers - Statistics

General Stats
  • This quiz has been taken 161 times
  • The average score is 10 of 15
Answer Stats
Picture Answer % Correct
1
100%
40
94%
12
93%
99
90%
300
85%
10
82%
52
67%
168
66%
7
60%
8
49%
404
48%
261
41%
47
32%
507
28%
23
26%
No matching quizzes found
Score Distribution
Percent of People with Each Score
Percentile by Number Answered
Your Score History
You have not taken this quiz